Champions League Top Scorers 2025 - Statistics

General Stats
  • This quiz has been taken 151 times
    35 since last reset
  • The average score is 17 of 23
Answer Stats
Team Answer Position Goals % Correct
Barcelona Robert Lewandowski ST 11
97%
Barcelona Lamine Yamal RW 5
94%
Manchester City Erling Haaland ST 8
91%
Bayern Munich Harry Kane ST 11
88%
Inter Lautaro Martinez ST 9
88%
Paris Saint-Germain Ousmane Dembele RW 8
88%
Real Madrid Vinicius Jr LW 8
88%
Real Madrid Kylian Mbappe ST 7
85%
Bayer Leverkusen Florian Wirtz AM 6
82%
Borussia Dortmund Serhou Guirassy ST 13
82%
Arsenal Bukayo Saka RW 6
79%
Atletico Madrid Julian Alvarez ST 7
79%
Real Madrid Rodrygo RW 5
79%
Paris Saint-Germain Desire Doue RW 5
73%
Sporting Viktor Gyokeres ST 5
73%
Bayern Munich Micheal Olise RW 5
70%
Barcelona Raphina LW 13
67%
Atalanta Ademola Lookman AM 5
64%
Lille Jonathan David ST 7
64%
Atletico Madrid Antoine Griezmann ST 6
58%
Borussia Dormtund Karim Adeyemi RW 5
45%
Benfica Vangelis Pavlidis ST 7
39%
AC Milan Santiago Gimenez ST 6
21%
No matching quizzes found
Score Distribution
Percent of People with Each Score
Percentile by Number Answered
Your Score History
You have not taken this quiz since the last reset